00538nam a2200157Ia 450000500170000000800410001708200150005824500420007326000550011530000130017050000330018370000440021694200060026095200990026699900150036520250519014622.0240331s9999 xx 000 0 und d bBEIa305.4 0aBeijing :b4th World women conference aUnited NationbPublic Information Departmentc1996 a237 p ., aA Book on Beijing Statements aMahajana Thraturu departumentuwa. eedt cL 001040708LaWERCLbWERCLcSSCd2024-03-31l0o 305.406 BEIp2471r2024-03-31w2024-03-31yL c1813d1813